00516cam a22002171 4500001001300000003000400013005001700017008004100034010001700075035002000092040001800112042001200130050001900142100003900161245002100200260001100221300001900232500001700251500001300268999001700281sa 63000752 DLC20260227111923.0890914s1962 ii 000 1 gujo  asa 63000752  a(OCoLC)20339958 aDLCcWaUdDLC apremarc00aPK1859.G28bS71 aGandhi, Champaklal Hiralal,d1932-10aŚrīniketana. c[1962] a452 p.c19 cm. aIn Gujarati. aA novel. c53609d53609